000 00754nam a22002657a 4500
003 UA-OsUOA
001 23811
007 ta
008 20040129b un ||||| |||| 00| 0 ukr d
100 _aРадугин А.А.
090 _a321.01(075.8)
_bП50
942 _cBK
040 _aUA-OsUOA
_brus
_cUA-OsUOA
_dUA-OsUOA
245 _aПолитология. Курс лекций.
_bУчебное пособие для вузов.
_cРед. А.А.Радугин
300 _a336 с.
_bІлюстрації
955 _a0
041 _arus
080 _a321.01(075.8)
020 _a5-88860-041-5
260 _aМосква
_bЦентр
_c2003
044 _aRU
250 _n2-е изд., испр. и доп.
650 7 _2UDC
999 _c310070
_d310070